Digital economy - cluster analysis of the use of information and communication technologies by the enterprises in the European union

Analýza rozdielov v rozvoji digitálnej ekonomiky vybraných krajín Európskej únie založená na štatistike Eurostatu o používaní informačných a komunikačných technológií v podnikoch v období 2010-2015.

Na minha lista:
Detalhes bibliográficos
Autor principal: Reiff, Marian, 1978-
Outros Autores: Surmanová, Kvetoslava, Ivaničová, Zlatica
Formato: Capítulo de Livro
Idioma:inglês
Assuntos:
Tags: Adicionar Tag
Sem tags, seja o primeiro a adicionar uma tag!

MARC

LEADER 00000nla a2200000 4500
001 0239202
005 20240502083642.2
041 0 |a eng 
044 |a CZ 
245 1 0 |a Digital economy - cluster analysis of the use of information and communication technologies by the enterprises in the European union  |c Marian Reiff, Kvetoslava Surmanová, Zlatica Ivaničová 
520 |a Analýza rozdielov v rozvoji digitálnej ekonomiky vybraných krajín Európskej únie založená na štatistike Eurostatu o používaní informačných a komunikačných technológií v podnikoch v období 2010-2015. 
610 2 0 |a analýza štatistická 
610 2 0 |a disparita 
610 2 0 |a rozdiely regionálne 
610 2 0 |a technológie informačné 
610 2 0 |a technológie komunikačné 
610 2 0 |a ukazovatele 
610 2 0 |a Európska únia 
100 1 |a Reiff, Marian, 1978- 
700 1 |a Surmanová, Kvetoslava 
700 1 |a Ivaničová, Zlatica